Statistics for European Low-cost Airlines in Pictures

Click here to take the quiz!

General Stats

  • This quiz has been taken 26 times
  • The average score is 9 of 14

Answer Stats

Answer% Correct
Easyjet
100%
Ryanair
100%
Flybe
92%
Wizz Air
88%
Eurowings
71%
Vueling
71%
Volotea Airlines
63%
Loganair
54%
Norwegian Airlines
54%
WOW Air
54%
Corendon Airlines
42%
Pegasus Airlines
38%
Jet2.com
25%
Danish Air Transport
21%

Score Distribution

Percentile by Number Answered

Percent of People with Each Score

Your Score History

You have not taken this quiz